Modern-day Cities by their Former/Historical Names - Statistics

General Stats
  • This quiz has been taken 124 times
  • The average score is 17 of 30
Answer Stats
Former Name Hint Current Name % Correct
Peking Asia Beijing
92%
Byzantium / Constantinople Europe / Asia Istanbul
89%
New Amsterdam North America New York City
89%
Bombay Asia Mumbai
87%
Petrograd / Leningrad Europe St Petersburg
83%
Tenochtitlan North America Mexico City
81%
Saigon Asia Ho Chi Minh City
79%
Calcutta Asia Kolkata
77%
Edo Asia Tokyo
75%
Ancyra / Angora Asia Ankara
73%
Léopoldville Africa Kinshasa
69%
Danzig Europe Gdánsk
68%
Canton Asia Guangzhou
65%
Astana Asia Nur-Sultan
65%
Tsaritsyn / Stalingrad Europe Volgograd
65%
Madras Asia Chennai
61%
Kristiania Europe Oslo
61%
Königsberg Europe Kaliningrad
58%
Batavia Asia Jakarta
57%
Keijō / Gyeongseong Asia Seoul
57%
Smyrna Asia Izmir
51%
Salisbury Africa Harare
44%
Titograd Europe Podgorica
34%
Pressburg Europe Bratislava
33%
York North America Toronto
33%
Ragusa Europe Dubrovnik
28%
Yerba Buena North America San Francisco
27%
Ciudad Trujillo North America Santo Domingo
23%
Fort Dearborn North America Chicago
18%
El Paso del Norte North America Ciudad Juárez
4%
No matching quizzes found
Score Distribution
Percent of People with Each Score
Percentile by Number Answered
Your Score History
You have not taken this quiz